<?xml version="1.0" encoding="UTF-8"?>
<record
    xmlns:xsi="http://www.w3.org/2001/XMLSchema-instance"
    xsi:schemaLocation="http://www.loc.gov/MARC21/slim http://www.loc.gov/standards/marcxml/schema/MARC21slim.xsd"
    xmlns="http://www.loc.gov/MARC21/slim">

  <leader>01796nam a22002777a 4500</leader>
  <controlfield tag="001">BRCA_9267</controlfield>
  <controlfield tag="003">FranzMayer</controlfield>
  <controlfield tag="005">20230719122322.0</controlfield>
  <controlfield tag="008">230719b        |||||||| |||| 00| 0 eng d</controlfield>
  <datafield tag="040" ind1=" " ind2=" ">
    <subfield code="a">MFM</subfield>
    <subfield code="b">esp</subfield>
    <subfield code="c">MFM</subfield>
  </datafield>
  <datafield tag="050" ind1=" " ind2="4">
    <subfield code="a">CO98</subfield>
    <subfield code="b">E53 N/A</subfield>
  </datafield>
  <datafield tag="082" ind1=" " ind2=" ">
    <subfield code="2">BS1091</subfield>
  </datafield>
  <datafield tag="240" ind1="1" ind2=" ">
    <subfield code="a">Entretenimiento hist&#xF3;rico, y chronologico sobre la historia del antiguo testamento </subfield>
    <subfield code="h">Libro IV. Desde que entraron los israelitas en la tierra prometida, hasta que se fabric&#xF3; el templo de Salom&#xF3;n </subfield>
    <subfield code="l">esp</subfield>
  </datafield>
  <datafield tag="245" ind1="0" ind2=" ">
    <subfield code="a">Entretenimiento hist&#xF3;rico, y chronologico sobre la historia del antiguo testamento  </subfield>
    <subfield code="b">Libro IV. Desde que entraron los israelitas en la tierra prometida, hasta que se fabric&#xF3; el templo de Salom&#xF3;n </subfield>
  </datafield>
  <datafield tag="260" ind1=" " ind2=" ">
    <subfield code="a">N/L</subfield>
    <subfield code="b">E53</subfield>
    <subfield code="c">N/A</subfield>
  </datafield>
  <datafield tag="300" ind1=" " ind2=" ">
    <subfield code="a">416 p</subfield>
    <subfield code="c">20.5 cm</subfield>
  </datafield>
  <datafield tag="440" ind1=" " ind2=" ">
    <subfield code="a">Entretenimiento hist&#xF3;rico, y chronologico sobre la historia del antiguo testamento </subfield>
    <subfield code="n">Libro IV. </subfield>
    <subfield code="p">Desde que entraron los israelitas en la tierra prometida, hasta que se fabric&#xF3; el templo de Salom&#xF3;n </subfield>
    <subfield code="v">Volumen 4</subfield>
    <subfield code="9">28851</subfield>
  </datafield>
  <datafield tag="500" ind1=" " ind2=" ">
    <subfield code="a">En el libro se omite mucha informaci&#xF3;n como autor u otras personas encargadas de la obra, lugar donde se imprimi&#xF3; as&#xED; como responsables o a&#xF1;o de publicaci&#xF3;n.</subfield>
  </datafield>
  <datafield tag="500" ind1=" " ind2=" ">
    <subfield code="a">El libro contiene dos tiras de cuero en cada cubierta para que se unan entre s&#xED;. </subfield>
  </datafield>
  <datafield tag="500" ind1=" " ind2=" ">
    <subfield code="a">El libro contiene una peque&#xF1;a firma con l&#xE1;piz al inicio del mismo</subfield>
  </datafield>
  <datafield tag="500" ind1=" " ind2=" ">
    <subfield code="a">Varias p&#xE1;ginas del libro se encuentran da&#xF1;adas y con piezas faltantes, correspondiente a da&#xF1;o por insectos o bacterias</subfield>
  </datafield>
  <datafield tag="505" ind1=" " ind2=" ">
    <subfield code="a">Texto en: espa&#xF1;olDirigido a: te&#xF3;logos, historiadores, creyentes cristianos.Incluye &#xED;ndice tem&#xE1;tico </subfield>
  </datafield>
  <datafield tag="650" ind1="1" ind2=" ">
    <subfield code="2">Biblia</subfield>
    <subfield code="a">Biblia cristiana</subfield>
    <subfield code="v">Antiguo testamento</subfield>
    <subfield code="9">28852</subfield>
  </datafield>
  <datafield tag="651" ind1=" " ind2=" ">
    <subfield code="2">Antiguo testamento</subfield>
    <subfield code="a">La tierra prometida</subfield>
    <subfield code="v">Templo de Salom&#xF3;n </subfield>
    <subfield code="9">28853</subfield>
  </datafield>
  <datafield tag="942" ind1=" " ind2=" ">
    <subfield code="2">lcc</subfield>
    <subfield code="c">B</subfield>
  </datafield>
  <datafield tag="999" ind1=" " ind2=" ">
    <subfield code="c">10886</subfield>
    <subfield code="d">10886</subfield>
  </datafield>
  <datafield tag="952" ind1=" " ind2=" ">
    <subfield code="0">0</subfield>
    <subfield code="1">0</subfield>
    <subfield code="2">lcc</subfield>
    <subfield code="4">0</subfield>
    <subfield code="7">0</subfield>
    <subfield code="8">CFM</subfield>
    <subfield code="a">BRCA</subfield>
    <subfield code="b">BRCA</subfield>
    <subfield code="d">2023-07-19</subfield>
    <subfield code="e">Donaci&#xF3;n</subfield>
    <subfield code="l">0</subfield>
    <subfield code="o">CO98 E53 N/A</subfield>
    <subfield code="p">CFM00500</subfield>
    <subfield code="r">2023-07-19 00:00:00</subfield>
    <subfield code="w">2023-07-19</subfield>
    <subfield code="y">B</subfield>
  </datafield>
</record>
